000 00803nam a2200277 i 4500
001 C2-0217271
003 PPAK
005 20180728105723.0
008 990617s1992 io a|||| ||||| | may d
040 _aPPAK
_beng
_cPPAK
_erda
082 0 4 _a658.87
_2 23
090 0 0 _a658.87
_bPEM
_dR
245 0 0 _aPemasaran eceran
250 _aEdisi ke-8
264 1 _aJakarta, Indonesia :
_bPT Elex Media Komputindo ,
_c1992
300 _axvi, 598 pages :
_billustrations ;
_c24 cm
336 _2rdacontent
_atext
337 _2rdamedia
_aunmediated
338 _2rdacarrier
_avolume
490 1 _aSeri pemasaran dan promosi
500 _aJudul asal : Retail marketing
650 1 0 _aRetail trade - Management ; Marketing
700 _eauthor
830 0 _aSeri pemasaran dan promosi
942 _ddc
_cB
999 _c160511
_d160511